000 01129nam a2200229Ia 4500
999 _c39022
_d39022
001 5532
003 GE_BSU
005 20190619204501.0
008 181216s1973||||ge |||||||||||||| ||geo||
040 _cGE_BSU
041 _ageo
080 _a624.2/.8(072) ბ-72
100 _aბიუსი, ი.
_9471
245 _aმეთოდური მითითებები ფოლადის ხიდის საკურსო პროექტის დამუშავებისათვის /
_cი. ბიუსი ; რედ. ე. კირვალიძე
264 _aთბილისი :
_bსპი,
_c1973.
300 _a71 გვ. :
_bნახაზები ;
_c20 სმ.
504 _aბიბლიოგრ. : გვ.70.
653 _aმეთოდური მითითებები ფოლადის ხიდის საკურსო პროექტის დამუშავებისათვის
653 _aფოლადის ხიდები
700 _aკირვალიძე, ე.
_eრედაქტორი
_92635
942 _cBK
_2udc